000 00369nam a2200145 a 4500
005 20140412111427.0
008 090718s19uu xx 00 eng d
020 _a9788176860963
050 _aER
_bBu85
245 _aBubbles has a Toothache 10.
260 _aIndia :
_bSterling press.
300 _a1v. unp.
440 _aBubbles' first storybooks
999 _c106258
_d106258